Die Germanistik in Wrocław von ihren Anfängen bis zum Tod von Marian Szyrocki (1945 - 1992)

Titel: Die Germanistik in Wrocław von ihren Anfängen bis zum Tod von Marian Szyrocki (1945 - 1992) / Anna Stroka
Verfasser:
In: Convivium, (2009), Seite 87-101
alle Artikel anzeigen
Veröffentlicht: 2009
Format: Aufsatz
Sprache: Deutsch
Schlagworte:
Kein Bild verfügbar
X
alg: 21959424
001A    $04504:13-01-10 
001B    $01999:13-05-21 $t13:32:44.000 
001C    $04504:13-01-10 $t17:33:21.000 
001D    $04504:13-01-10 
001U    $0utf8 
001X    $00 
002@    $0Aou 
003@    $0219594244 
007A    $0219594244 $aHEB 
007T    $0Herdc0069553m 
010@    $ager 
011@    $a2009 
021A    $aDie @Germanistik in Wrocław von ihren Anfängen bis zum Tod von Marian Szyrocki (1945 - 1992) $hAnna Stroka 
028A    $#Stroka, Anna Salomea $#Stroce, Annie $7119294281 $8Stroka, Anna$Z1923-2020 [Tp1] $9087634139 
031A    $h87-101 $j2009 
039B    $aIn $8--Abvc--. Convivium. - Łódź : Verlag der Universität Lodz, 1994-. - ISSN 2196-8403 $x200900000000000913 $9048657417 
044K    $RNiederschlesien $#Breslau $#Wrocław $#Wrotizla $#Breßlau $#Breßlaw $#Vroclav $#Vratislav $#Vratislavia $#Vratislauiae $#Bresslau $#Wratislavia $#Brassel $#Bresla $#Wratislava $#Smirna $#Breslavia $#Wroclaw $74008216-7 $8Breslau [Tg1] $9085014184 
044K    $RPhilologie $RDeutsch $#German philology $#Philologie allemande $#Germanistik $#Deutsche Philologie $74020383-9 $8Germanistik [Ts1] $9085048941 
044K    $7118836757 $8Szyrocki, Marian$Z1928-1992 [Tp1] $9087177250 
045F    $a307.09438 $eDDC23BSB 
045F/01 $a307.09 
045F/03 $g438 
045F/03 $g4385 
045T    $a7,20 $a7,20 
045T    $aAVL $qDE-30 $2FID 
045T    $aGER $qDE-30 $2FID 
045V    $801.07.00$jGermanistik im Ausland [Tkx] $9118843923 
045V    $aSzyrocki, Marian $801.08.00$jZu einzelnen Germanisten, Literaturtheoretikern und Essayisten [Tkx] $9118843184 

lok: 21959424 62

exp: 21959424 62 1 #EPN
201B/01 $014-01-10 $t00:05:46.000 
203@/01 $0587111550 
208@/01 $a14-01-10 $be 
209A/01 $a/ $f000 $x00 
209B/01 $a2010 $x05 
247C/01 $8Frankfurt, Bibliographie der Deutschen Sprach- und Literaturwissenschaft $9113214561 
201U/01 $0utf8 

lok: 21959424 78

exp: 21959424 78 1 #EPN
201B/01 $018-03-21 $t15:16:21.000 
201C/01 $018-03-21 
201U/01 $0utf8 
203@/01 $01146995296 
204P/01 $0=u http://convivium.edu.pl/assets/11_stroka-_2009_convivium.pdf=x H 
208@/01 $a18-03-21 $be 
209A/01 $a/ $f000 $x00 
209A/01 $ab*p $x01 
220C/01 $apgar 
220C/01 $aTitelaufnehmer: gk;ak 
220C/01 $aHerkunft: HI Marburg 
244Z/01 $2Trx $#Silesia $#Śląsk $#Sliezsko $#Slezsko $8--Trx--Schlesien $x01 $9391173987 
244Z/01 $2Trx $#Poola $#Lenkija $#Polija $#Polen Land $#Poland $#Lengyelország $#Poľsko $#Polsko $8--Trx--Polska$gkraj $x02 $9391345966 
244Z/01 $#Breslau $#Wrocław $#Wrotizla $#Breßlau $#Breßlaw $#Vroclav $#Vratislav $#Vratislavia $#Vratislauiae $#Bresslau $#Wratislavia $#Brassel $#Bresla $#Wratislava $#Smirna $#Breslavia $#Wroclaw $74008216-7 $8--Tg1--Breslau $x03 $9085014184 
244Z/01 $aGeschichte 1945-1992 $x04 
244Z/01 $7118836757 $8--Tp1--Szyrocki, Marian$Z1928-1992 $x05 $9087177250 
244Z/01 $2Trx $#germanistika $#germanistika $#German studies $#germanisztika $#germanistyka $#germanistika $#germanistika $#niemcoznawstwo $8--Trx--Germanistik $x06 $939135342X 
244Z/01 $2Trx $#ülikoolid $#universitetai $#universitāte $#Universities $#egyetemek $#uniwersytety $#univerzity $#univerzity $#Hochschulen $#vysoké školy $8--Trx--Universitäten $x07 $9391373862 
244Z/01 $2Trx $#professorid $#dėstytojai $#professors $#professzor $#nauczyciele akademiccy $#učitelia vysokoškolskí $#učitelé vysokoškolští $#Professoren $#profesori $#profesoři $8--Trx--Hochschullehrer $x08 $9391380370 
244Z/01 $2Trx $8--Trx--Zeitschriftenaufsatz $x09 $9391384341 
244Z/01 $8--Trx--elektronische Ressource $x10 $939138452X 
245Z/01 $a13.03 $x01 
245Z/01 $a11.05 $x02 
247C/01 $82080>Marburg/Lahn, Herder-Institut, Forschungsbibliothek, Bibliographieportal $9336309341
LEADER 00000caa a2200000 c 4500
001 219594244
003 DE-603
005 20210513133244.0
007 tu
008 100113s2009 xx |||| | u00||u|ger c
035 |a (DE-599)HEB219594244 
040 |a DE-603  |b ger  |c DE-603  |d DE-603 
041 |a ger 
082 0 4 |8 1\u  |a 307.09438  |q DE-101  |2 23/BSB 
084 |a 7,20  |a 7,20  |2 ssgn 
084 |a AVL  |q DE-30  |2 fid 
084 |a GER  |q DE-30  |2 fid 
085 |8 1\u  |b 307.09 
085 |8 1\u  |z 2  |s 438 
085 |8 1\u  |z 2  |s 4385 
100 1 |a Stroka, Anna  |d 1923-2020  |0 (DE-603)087634139  |0 (DE-588)119294281  |2 gnd 
245 0 0 |a ˜Dieœ Germanistik in Wrocław von ihren Anfängen bis zum Tod von Marian Szyrocki (1945 - 1992)  |c Anna Stroka 
264 0 |c 2009 
600 1 7 |a Szyrocki, Marian  |d 1928-1992  |0 (DE-588)118836757  |0 (DE-603)087177250  |2 gnd 
650 7 |a Germanistik  |0 (DE-588)4020383-9  |0 (DE-603)085048941  |2 gnd 
651 7 |a Breslau  |0 (DE-588)4008216-7  |0 (DE-603)085014184  |2 gnd 
773 0 8 |i In  |t Convivium  |d Łódź : Verlag der Universität Lodz, 1994-  |x 2196-8403  |g (2009), Seite 87-101  |w (DE-603)048657417  |w (DE-600)1221798-0 
924 0 |9 603  |a (DE-603)587111550  |b DE-603  |c HES  |d d 
924 0 |9 2080  |a (DE-603)1146995296  |b DE-2080  |c HES  |d d  |g /